书目信息 |
| 题名: |
外国艺术名家论演员的姿态美
|
|
| 作者: | 巴尔涅 编著 ;李醒 译 | |
| 分册: | ||
| 出版信息: | 北京 文化艺术出版社 1983.3 |
|
| 页数: | 68页 | |
| 开本: | 20cm | |
| 丛书名: | ||
| 单 册: | ||
| 中图分类: | J830.2 | |
| 科图分类: | ||
| 主题词: | 戏剧--艺术--世界 , 戏剧--艺术--各国 | |
| 电子资源: | ||
| ISBN: | ||
| 000 | 00643nam0 2200217 45 | |
| 001 | 0312221749 | |
| 005 | 20040509143919.7 | |
| 010 | @dCNY0.23 | |
| 100 | @a20031222d1983 km y0chiy0120 ea | |
| 101 | @achi | |
| 105 | @a z 000yy | |
| 200 | 1 | @a外国艺术名家论演员的姿态美@AWai Guo Yi Shu Ming Jia Lun Yan Yuan De ZiTai Mei@f丹纳·巴尔涅编著@FDan Na·Ba Er Nie Bian Zhu@g李醒译 |
| 210 | @a北京@c文化艺术出版社@d1983.3 | |
| 215 | @a68页@d20cm | |
| 606 | 0 | @a戏剧@x艺术@x世界 |
| 606 | 0 | @a戏剧@x艺术@y各国 |
| 690 | @aJ830.2@v3 | |
| 701 | 0 | @a巴尔涅@4编著 |
| 702 | 0 | @a李醒@ALi Xing@4译 |
| 801 | @aCN@bTSTCL@c20031222 | |
| 905 | @dJ830.2@e15 | |
| 外国艺术名家论演员的姿态美/丹纳·巴尔涅编著/李醒译.-北京:文化艺术出版社,1983.3 |
| 68页;20cm |
| ISBN :CNY0.23 |
| ● |
| 相关链接 |
|
|
|
|
正题名:外国艺术名家论演员的姿态美
索取号:J830.2/15
 
预约/预借
| 序号 | 登录号 | 条形码 | 馆藏地/架位号 | 状态 | 备注 |
| 1 | 0100967 | 001222910 | 第一样本阅览室/ [索取号:J830.2/15] | 在馆 | |
| 2 | 0100968 | 001222901 | 第一借阅区/ [索取号:J830.2/15] | 在馆 | |
| 3 | 0100969 | 001222929 | 第一样本阅览室/ [索取号:J830.2/15] | 在馆 |